<?xml version="1.0" encoding="UTF-8"?>
<record
    xmlns:xsi="http://www.w3.org/2001/XMLSchema-instance"
    xsi:schemaLocation="http://www.loc.gov/MARC21/slim http://www.loc.gov/standards/marcxml/schema/MARC21slim.xsd"
    xmlns="http://www.loc.gov/MARC21/slim">

  <leader>00964nam a22002417a 4500</leader>
  <controlfield tag="003">KOHA_M&#x130;RAKIL</controlfield>
  <controlfield tag="005">20260414072225.0</controlfield>
  <controlfield tag="008">260414b        tu ||||| |||| 00| 0 tur d</controlfield>
  <datafield tag="040" ind1=" " ind2=" ">
    <subfield code="a">TR-AnABB</subfield>
    <subfield code="b">tur</subfield>
    <subfield code="c">TR-AnABB</subfield>
  </datafield>
  <datafield tag="041" ind1=" " ind2=" ">
    <subfield code="a">tur</subfield>
  </datafield>
  <datafield tag="082" ind1=" " ind2=" ">
    <subfield code="a">306.09561</subfield>
    <subfield code="b">ERO </subfield>
  </datafield>
  <datafield tag="100" ind1="1" ind2=" ">
    <subfield code="a">Eroz, Mehmet</subfield>
    <subfield code="9">1476</subfield>
  </datafield>
  <datafield tag="245" ind1="1" ind2="0">
    <subfield code="a">Do&#x11F;u Anadolu hakk&#x131;nda /</subfield>
    <subfield code="c">Mehmet Er&#xF6;z</subfield>
  </datafield>
  <datafield tag="260" ind1=" " ind2=" ">
    <subfield code="a">Ankara : </subfield>
    <subfield code="b">[yayl. y.] ,</subfield>
    <subfield code="c">[t.y.]</subfield>
  </datafield>
  <datafield tag="300" ind1=" " ind2=" ">
    <subfield code="a">67 sayfa ; </subfield>
    <subfield code="c">18 cm</subfield>
  </datafield>
  <datafield tag="500" ind1=" " ind2=" ">
    <subfield code="a">Prof. Dr. Ru&#x15F;en Kele&#x15F; taraf&#x131;ndan kitap i&#xE7;erisinde sat&#x131;r alt&#x131; &#xE7;izimleri ve vurgular mevcuttur.</subfield>
  </datafield>
  <datafield tag="505" ind1=" " ind2=" ">
    <subfield code="a">&#x130;&#xE7;indekiler: Do&#x11F;u Anadolu Halk&#x131; - Karake&#xE7;ililer - Karake&#xE7;ililer'de Maddi K&#xFC;lt&#xFC;r - Ziya G&#xF6;kalp'&#x131;n Karake&#xE7;ililer Hakk&#x131;nda Fikirleri - G&#xFC;neydo&#x11F;u Zazalar&#x131; - K&#xFC;rt&#xE7;e diye bir dil yoktur </subfield>
  </datafield>
  <datafield tag="650" ind1="0" ind2="4">
    <subfield code="a">Sosyal ya&#x15F;am ve gelenekler, T&#xFC;rkiye</subfield>
    <subfield code="9">3385</subfield>
  </datafield>
  <datafield tag="650" ind1="0" ind2="4">
    <subfield code="a">Sosyal ya&#x15F;am ve gelenekler</subfield>
    <subfield code="9">3386</subfield>
  </datafield>
  <datafield tag="650" ind1="0" ind2="4">
    <subfield code="a">Etnoloji</subfield>
    <subfield code="9">3387</subfield>
  </datafield>
  <datafield tag="900" ind1=" " ind2=" ">
    <subfield code="b">Can &#xC7;ELIK</subfield>
  </datafield>
  <datafield tag="942" ind1=" " ind2=" ">
    <subfield code="2">ddc</subfield>
    <subfield code="c">BK</subfield>
  </datafield>
  <datafield tag="952" ind1=" " ind2=" ">
    <subfield code="0">0</subfield>
    <subfield code="1">0</subfield>
    <subfield code="2">ddc</subfield>
    <subfield code="4">0</subfield>
    <subfield code="7">0</subfield>
    <subfield code="a">RUK</subfield>
    <subfield code="b">RUK</subfield>
    <subfield code="d">2026-04-14</subfield>
    <subfield code="l">0</subfield>
    <subfield code="o">306.09561 ERO </subfield>
    <subfield code="p">RK7054</subfield>
    <subfield code="r">2026-04-14 07:20:31</subfield>
    <subfield code="w">2026-04-14</subfield>
    <subfield code="y">BK</subfield>
  </datafield>
  <datafield tag="999" ind1=" " ind2=" ">
    <subfield code="c">10207</subfield>
    <subfield code="d">10207</subfield>
  </datafield>
</record>
